[Event "Bratto op-C 35th"]
[Site "Bratto"]
[Date "2015.08.24"]
[Round "2.16"]
[White "Colombo, Abner"]
[Black "Andolfatto, Maria"]
[Result "0-1"]
[WhiteElo "1307"]
[BlackElo "1634"]
[PlyCount "60"]
[EventDate "2015.08.23"]
[EventType "swiss"]
[EventRounds "8"]
[EventCountry "ITA"]
[SourceTitle "EXT 2022"]
[Source "ChessBase"]
[SourceDate "2021.10.06"]
[SourceVersion "1"]
[SourceVersionDate "2021.10.06"]
[SourceQuality "1"]

1. d4 d5 2. Nf3 Nf6 3. g3 g6 4. Bg2 Bg7 5. 0-0 0-0 6. Nbd2 Nbd7 7. b3 Re8 8. Bb2 b6 9. Re1 Bb7 10. Nf1 c5 11. Qd3 Rc8 12. N3d2 cxd4 13. Bxd4 Nc5 14. Bxc5 Rxc5 15. b4 Rc7 16. Nb3 Ne4 17. Nd4 Bxd4 18. Qxd4 Rxc2 19. Ne3 Rc8 20. Ng4 f6 21. Nh6+ Kg7 22. Ng4 Rc4 23. Qe3 Rxb4 24. Qh6+ Kg8 25. Qf4 Qd6 26. Nh6+ Kg7 27. Qh4 Nxf2 28. Nf7 Qc5 29. Qh6+ Kg8 30. Kf1 Ng4 0-1

[Event "Milan Province-ch"]
[Site "Milan"]
[Date "2013.01.27"]
[Round "5"]
[White "Campa, Livio"]
[Black "Colombo, Abner"]
[Result "0-1"]
[WhiteElo "1440"]
[BlackElo "1356"]
[PlyCount "32"]
[EventDate "2013.01.24"]
[EventType "swiss"]
[EventRounds "6"]
[EventCountry "ITA"]
[SourceTitle "EXT 2014"]
[Source "ChessBase"]
[SourceDate "2013.11.20"]
[SourceVersion "1"]
[SourceVersionDate "2013.11.20"]
[SourceQuality "1"]

1. c4 Nf6 2. Nc3 e5 3. Nf3 Nc6 4. e4 Bc5 5. Be2 d6 6. 0-0 0-0 7. d3 h6 8. Re1 Ng4 9. Rf1 f5 10. b3 Nd4 11. Bb2 Nxf3+ 12. Bxf3 Qg5 13. Nd5 c6 14. Bc1 f4 15. Nc7 Rb8 16. Ne6 Bxe6 0-1